[Event "Michigan Masters/Experts"]
[Site "Auburn Hills, MI"]
[Date "2002.04.28"]
[Round "5.4"]
[White "Sudharsan, Krishnan"]
[Black "Gabbara, Faris"]
[Result "0-1"]
[WhiteElo "2023"]
[BlackElo "2058"]
[Annotator "Tim McGrew"]
[PlyCount "68"]
[EventDate "2002.04.26"]

{Grunfeld: Three Knights (Schlechter)} 1. d4 d5 2. Nf3 Nf6 3. c4 c6 4. Nc3 g6 {
Is this a Slav or a Grunfeld? Something in between. The "Schlechter Slav,"
so-called because Schlechter used it to defeat Dus Chotimirsky at Carlsbad in
1911, was actually the brainchild of Blackburne who introduced it at Ostende
in 1905 with a win over ... Schlechter! It has a passive reputation, but in
Faris's hands we may be assured that it will not yield a tepid game.} 5. Bf4
Bf5 {We are not quite on our own, but with this move Faris leaves the main
theoretical trails. The more common move is the less committal 5...Bg7,
waiting to see what White's setup will be before choosing a destination for
this bishop.} 6. e3 (6. Qb3 {looks more thematic and is certainly more
annoying. As the game goes, White never tries to make any capital out of the
undefended Black b-pawn.}) 6... a6 7. c5 b5 $5 {Faris grabs space and dares
White to open the b-file.} 8. h3 {White blinks.} (8. cxb6 {has to be the acid
test of Black's cheeky move. After} Qxb6 9. Qd2 Nbd7 10. Rc1 {White gets some
play against the Black c-pawn along the lines of a minority attack in the QGD.
Since the pressure can be increased with Ne5, the position looks to be
somewhat more comfortable for White. But as they say, "More tests are needed"!}
) 8... Ne4 9. Nxe4 Bxe4 10. Bd3 Qa5+ 11. Ke2 $6 {If the king is going to move
anyway, then surely it is preferable to get queens off of the board in the
process.} (11. Qd2 Qxd2+ 12. Kxd2 Bxd3 13. Kxd3 {yields a position that does
not set the pulses racing, but if Black does nothing White can try to play
down the a-file with b4 and, after suitable preparation, a4. Black can cut
across this with an immediate ...a5 intending to lock the queen-side or make a
play for the a-file himself. In addition, he can try to cause trouble in the
center with ...Nd7, ...Bg7, ...f6 and ...e5.}) 11... Bxd3+ 12. Qxd3 Bg7 13.
Rhe1 Nd7 14. e4 Nf6 15. e5 Ne4 16. Nd2 Nxd2 17. Bxd2 Qc7 18. f4 $5 {In his
outstanding book The Art of Attack, Vukovic discusses the problem of
committing to an attack too early. White would love to play f5 here, and if
Black would sit still for a few moves the idea might have real punch. But
White is placing a lot of faith in the safety of his own king in the middle of
the board. Now the game becomes quite sharp.} Qd7 19. Rf1 f6 $5 20. Rf3 O-O 21.
Raf1 Rf7 {This looks a bit naive. With the f-file about to open, Black's rook
ought not be sitting on f7 defended only by the king. Yet somehow Black
survives the coming opening of lines.} (21... f5 {also comes into
consideration, shifting into an endgame where White's bishop is not
particularly good. But White has enough extra space that the bishop is not too
great a liability.}) 22. f5 {White's rooks look menacing on the f-file, but
White's center pawns disappear fast. It is hard to evaluate this position.}
fxe5 23. fxg6 Rxf3 24. gxh7+ (24. Qxf3 $5 Rf8 $1 25. Qh5 hxg6 26. Rxf8+ Kxf8
27. Qxg6 {is also unclear.}) 24... Kh8 25. Qxf3 Rf8 26. Qxf8+ $2 {It is a fact
of life that these queen sacs rarely turn out well. The material investment,
on paper, is not very great. But exploiting White's king-side pawns is a long
process, and Black's queen is very nimble.} (26. Qh5 Rxf1 27. Kxf1 exd4 {is
unclear. For the moment White has no way to break in.}) (26. Qd3 Rxf1 27. Kxf1
e4 28. Qg3 {is once again a mess.}) 26... Bxf8 27. Rxf8+ Kxh7 28. dxe5 Qe6 $1 {
Now the queen gets in among the White pawns and runs amok.} 29. Bc3 Qg6 30. Kf2
Qc2+ 31. Kg1 d4 $1 {Oops! 32.Bxd4 is impossible because of 32...Qd1+.} 32. Rf7+
Kg6 33. Rxe7 dxc3 34. bxc3 Qxa2 0-1

[Event "Michigan Class D/E"]
[Site "Auburn Hills, MI"]
[Date "2002.04.28"]
[Round "5.9"]
[White "Stapel, Scott"]
[Black "Poniatowski, Don"]
[Result "1-0"]
[WhiteElo "975"]
[BlackElo "1272"]
[PlyCount "67"]
[EventDate "2002.04.26"]

1. e4 Nf6 2. Nc3 d5 3. exd5 Nxd5 4. Nxd5 Qxd5 5. Nf3 Bg4 6. Be2 e5 7. d3 Nc6 8.
O-O O-O-O 9. c4 Qe6 10. Ng5 Bxe2 11. Nxe6 Bxd1 12. Nxd8 Nxd8 13. Rxd1 Ne6 14.
b3 Bc5 15. Bb2 f6 16. Re1 Rd8 17. Rad1 Nf4 18. d4 exd4 19. Re4 g5 20. g3 Ng6
21. g4 Nf4 22. Kf1 h5 23. f3 hxg4 24. fxg4 Rh8 25. Bxd4 Rd8 26. a3 Bxa3 27. Ra1
Bb4 28. Rxa7 Kb8 29. Ra2 c5 30. Bxf6 Rd1+ 31. Kf2 Nh3+ 32. Kg2 Nf4+ 33. Kf3
Rd3+ 34. Re3 1-0

[Event "Michigan Class C"]
[Site "Auburn Hills, MI"]
[Date "2002.04.28"]
[Round "5.4"]
[White "Smeckert, Dennis"]
[Black "Moore, Martin"]
[Result "1/2-1/2"]
[WhiteElo "1507"]
[BlackElo "1579"]
[PlyCount "55"]
[EventDate "2002.04.26"]

1. Nc3 Nf6 2. e4 e6 3. h3 d5 4. e5 Nfd7 5. Nf3 c5 6. d3 Nc6 7. Qe2 a6 8. g4 Be7
9. Bg2 Nf8 10. b3 Ng6 11. g5 Qc7 12. h4 Ncxe5 13. Nxe5 Qxe5 14. Qxe5 Nxe5 15.
f4 Nc6 16. O-O Bd7 17. f5 O-O-O 18. Bf4 Nd4 19. fxe6 fxe6 20. Rac1 h6 21. Be5
Nf5 22. Rxf5 exf5 23. Nxd5 Rde8 24. Bxg7 Rhg8 25. Nxe7+ Rxe7 26. gxh6 Rgxg7 27.
hxg7 Rxg7 28. Kf2 1/2-1/2

[Event "Michigan Class A"]
[Site "Auburn Hills, MI"]
[Date "2002.04.28"]
[Round "4.4"]
[White "Skidmore, Mike"]
[Black "Nikolovski, Oliver"]
[Result "0-1"]
[WhiteElo "1828"]
[BlackElo "1881"]
[PlyCount "98"]
[EventDate "2002.04.26"]

1. e4 e6 2. Nf3 d5 3. exd5 exd5 4. d4 Nf6 5. Bd3 Be7 6. O-O O-O 7. Re1 Bg4 8.
Nbd2 Nc6 9. c3 Qd7 10. Qc2 Rae8 11. Bb5 Bd6 12. Ne5 Bxe5 13. dxe5 Nd4 14. Bxd7
Nxc2 15. Bxe8 Nxe8 16. b3 Nxe1 17. Bb2 Nd3 18. Ba3 c5 19. f3 Bf5 20. Nf1 b5 21.
Ne3 Be6 22. Rd1 b4 23. cxb4 cxb4 24. Rxd3 bxa3 25. Nxd5 f6 26. exf6 Nxf6 27.
Nc7 Bf5 28. Rd2 Bd7 29. Nd5 Bb5 30. Nc3 a6 31. Nb1 Rc8 32. Nxa3 Kf7 33. Nc2 Rc3
34. Kf2 Rd3 35. Rxd3 Bxd3 36. Nb4 Bb5 37. a4 a5 38. Nc2 Bd7 39. Nd4 Ke7 40. Ke2
Kd6 41. g3 Kc5 42. Kd3 Kb4 43. g4 Nd5 44. Ke4 Ne7 45. h4 Nc6 46. Nf5 Bxf5+ 47.
Kxf5 Nd4+ 48. Ke4 Nxf3 49. Kxf3 Kxb3 0-1

[Event "Michigan Class A"]
[Site "Auburn Hills, MI"]
[Date "2002.04.28"]
[Round "5.4"]
[White "Skidmore, Jennifer"]
[Black "Manion, Tom"]
[Result "1-0"]
[WhiteElo "1832"]
[BlackElo "1837"]
[PlyCount "73"]
[EventDate "2002.04.26"]

1. e4 e5 2. f4 exf4 3. Bc4 Qh4+ 4. Kf1 d6 5. d4 Qf6 6. Nc3 c6 7. Nf3 g5 8. h4
g4 9. Ng5 Nh6 10. Qe2 Bg7 11. e5 dxe5 12. Nce4 Qe7 13. dxe5 Bxe5 14. Bd2 O-O
15. Re1 Qc7 16. Nxh7 Kxh7 17. Ng5+ Kg7 18. Qxe5+ Qxe5 19. Rxe5 Nd7 20. Re7 Nb6
21. Bd3 Nd5 22. Re5 f6 23. Ne6+ Bxe6 24. Rxe6 Rae8 25. Rd6 Ne3+ 26. Kf2 Rf7 27.
Rd4 Rfe7 28. Rxf4 Nd5 29. Rd4 Re5 30. Bxh6+ Kxh6 31. Rxg4 f5 32. Rg5 Nb4 33.
Bxf5 Rf8 34. g4 Rf6 35. Rg8 Nxc2 36. g5+ Kh5 37. Rh8+ 1-0

[Event "Michigan Class B"]
[Site "Auburn Hills, MI"]
[Date "2002.04.28"]
[Round "2.12"]
[White "Sims, Chris"]
[Black "Nicolli, Randy"]
[Result "0-1"]
[WhiteElo "1647"]
[BlackElo "1686"]
[PlyCount "80"]
[EventDate "2002.04.26"]

1. e4 d6 2. d4 Nf6 3. Nc3 g6 4. f4 Bg7 5. Nf3 O-O 6. Bc4 c5 7. e5 Ng4 8. dxc5
dxe5 9. Qxd8 Rxd8 10. h3 Nh6 11. Nd5 Nc6 12. fxe5 Be6 13. Ne3 Bxc4 14. Nxc4 Nd4
15. Nxd4 Rxd4 16. b3 Re4+ 17. Kf2 Rd8 18. Re1 Rxe1 19. Kxe1 Nf5 20. Bb2 Nd4 21.
Bxd4 Rxd4 22. Rd1 Bxe5 23. Rxd4 Bxd4 24. Na5 Bc3+ 25. Ke2 Bxa5 26. a3 e5 27. b4
Bc7 28. Kd3 f5 29. c4 Kf7 30. a4 Ke6 31. Ke3 e4 32. Kd4 Be5+ 33. Ke3 Bc3 34. b5
Ke5 35. g3 Bd4+ 36. Ke2 Bxc5 37. a5 g5 38. Kd2 f4 39. gxf4+ gxf4 40. Ke2 Kd4
0-1

[Event "Michigan Class C"]
[Site "Auburn Hills, MI"]
[Date "2002.04.28"]
[Round "5.5"]
[White "Saylor, Oliver"]
[Black "Aldrich, Justin"]
[Result "0-1"]
[WhiteElo "1421"]
[BlackElo "1599"]
[PlyCount "72"]
[EventDate "2002.04.26"]

1. e4 e5 2. Nf3 d6 3. d4 exd4 4. Nxd4 Nf6 5. Bd3 Bd7 6. Nc3 Be7 7. Be3 O-O 8.
Qd2 Nc6 9. O-O Ne5 10. Be2 Re8 11. f3 Qc8 12. Nd1 c6 13. c4 d5 14. cxd5 cxd5
15. Nf2 dxe4 16. Rac1 Qd8 17. Nxe4 Nxe4 18. fxe4 Bf6 19. Bb5 Ng4 20. Rfd1 Bxd4
21. Bxd4 Bxb5 22. Qf4 Nf6 23. Qg5 Bc6 24. e5 Ne4 25. Qg4 Qg5 26. Qe2 Qg6 27.
Rf1 Rad8 28. Rcd1 Ng5 29. Qe3 h6 30. Rf4 Ne6 31. Rf2 Nxd4 32. Rxd4 Rxd4 33.
Qxd4 Qb1+ 34. Rf1 Qe4 35. Qd2 Qxe5 36. Re1 Qxe1+ 0-1

[Event "Michigan Masters/Experts"]
[Site "Auburn Hills, MI"]
[Date "2002.04.28"]
[Round "5.2"]
[White "Rogers, Bradley"]
[Black "Ghobrial, Ameer"]
[Result "1-0"]
[WhiteElo "2009"]
[BlackElo "2129"]
[Annotator "Tim McGrew"]
[PlyCount "158"]
[EventDate "2002.04.26"]

1. d4 c5 2. d5 e5 {This didn't work out too well for Ben Finegold last round,
but Ameer is undeterred.} 3. c4 d6 4. e4 g6 5. Nc3 Bg7 6. Bd3 Ne7 7. Nge2 O-O
8. O-O f5 {Black stands well here, with an ideal King's Indian formation where
he has managed to get in ...c5 without giving White the opportunity to take
the c-pawn en passant.} 9. f3 f4 10. a3 Nd7 11. b4 b6 12. Bd2 g5 {Still in
book! We are following Szulkin-Siegbah, Rilton Cup 1998.} 13. Qe1 Ng6 14. Kh1
Kh8 15. Ng1 Nf6 16. bxc5 bxc5 17. Nb5 Qd7 {About here Black's play seems to
lose its crispness. The positionally indicated break is ...g4. Why not prepare
it with ...h5 in typical King's Indian fashion?} (17... h5 18. Rb1 a6 19. Nc3
g4 20. fxg4 hxg4 21. Qf2 Rf7 {A typical King's Indian maneuver: the Bishop
will go to f8 where it helps to secure d8, and the Rook will swing over to h7.}
22. Bc2 Bf8 23. Nce2 Rh7 {and Black's attack looks more dangerous than
anything White is doing on the Queenside.}) 18. Ba5 Ne8 19. Bc2 Bf6 20. Rb1 Qg7
21. Ba4 g4 22. Nc3 Ba6 23. Bc6 Rc8 24. Nb5 {The sad fact is that White seems
to be making more headway on the Queenside than Black is making on the
Kingside.} Nh4 25. Qe2 g3 26. h3 {Locking up. If Black cannot break through on
g2 or h3 here -- and there is no easy way for him to do so -- then the game
will be decided on the Queenside. This is bad news for Black, since he will be
reduced to an essentially passive role. For the next thirty (!) moves, Ameer
defends well and holds his Queenside. But this sort of play takes a toll...}
Bd8 27. Qd2 Qe7 28. Rb2 Bb6 29. a4 Rb8 30. Bc3 Bc8 31. a5 Bd8 32. Rfb1 a6 33.
Na3 Rxb2 34. Rxb2 Bc7 35. Nc2 Nf6 36. Ne1 Qg7 37. Qe2 Ng8 38. Nd3 Ng6 39. Qd1
Bd8 40. Qb1 Bc7 41. Bb7 Qd7 42. Bc6 Qd8 43. Qa1 N8e7 44. Bb7 Qd7 45. Rb3 Bxb7
46. Rxb7 Ra8 47. Ne2 Kg8 48. Bd2 Qc8 49. Qb2 Kf7 50. Kg1 Rb8 51. Rxb8 Bxb8 52.
Nc3 Bc7 53. Na4 Nf8 54. Kf1 Nd7 55. Qb3 Ke8 56. Nab2 Qd8 57. Qa4 Qb8 58. Ke2
Kd8 59. Bc3 Qb7 60. Kd2 Ng6 61. Ke2 Nh4 {It is hard to see, but the fact that
the Knight is undefended here can raise tactical problems and the Black King
is somewhat exposed in the center. White spots this; Black, whose attention
has been wholly on the Queenside for thirty-some moves, does not.} 62. Ne1 Nb8
63. Nbd3 h5 $4 {The decisive moment.} (63... Ng6 $1 {leaves White searching
for a breakthrough.}) 64. Nxf4 $1 {Just like that, it's over.} Ke7 (64... exf4
65. Bf6+ Kc8 66. Qe8+ Bd8 67. Qxd8#) 65. Nxh5 Qc8 66. Ng7 Nd7 67. Bd2 Kf7 68.
Ne6 Nf8 69. Nxf8 Kxf8 70. Qc6 Ng6 71. Qa4 Nh4 72. Bg5 Nxg2 73. Nxg2 Qxh3 74.
Nh4 g2 75. Bh6+ Kf7 76. Nf5 Qxf5 77. exf5 g1=Q 78. Qd7+ Kg8 79. Qxc7 Qg2+ 1-0

[Event "Michigan Class A"]
[Site "Auburn Hills, MI"]
[Date "2002.04.28"]
[Round "5.2"]
[White "Randall, Paul"]
[Black "Vandivier, Don"]
[Result "1/2-1/2"]
[WhiteElo "1950"]
[BlackElo "1920"]
[Annotator "Don Vandivier"]
[PlyCount "95"]
[EventDate "2002.04.26"]

1. d4 Nf6 2. c4 e5 3. dxe5 Ng4 4. Nf3 Nc6 5. Bf4 Bb4+ 6. Nbd2 Qe7 7. e3 Ngxe5
8. Be2 d6 ({One of the main lines is:} 8... Nxf3+ 9. Bxf3 Ne5 10. Be2 O-O 11.
O-O Ng6 12. Bg3 Bd6 13. Bxd6 Qxd6 14. Ne4 Qe5 15. Nc3 b6 16. Qd5 Ba6 $5 17.
Qxe5 Nxe5 18. Nd5 c6 19. Nc7 Bxc4 $5 20. Bxc4 (20. Nxa8 $6 {Accepting the
exchange gives Black the better ending:} Bxe2 21. Rfe1 Bd3 22. Red1 Rxa8 23. f4
Re8 24. fxe5 Bf5 25. Rd6 Rxe5 26. Rad1 Kf8) 20... Rac8 21. Nd5 cxd5 22. Bxd5
Rc2 23. b3 Rfc8 24. Be4 R2c3 25. Rad1 R8c7 26. h3 Kf8 {with an equal position.}
) 9. a3 Bxd2+ {Black gives up the bishop pair, but quite playable is:} (9...
Bc5 10. b4 Bb6 11. Rc1 O-O 12. O-O a5 13. b5 Nd8 14. Qc2 Ng6 15. Bg3 Ne6 16.
Rfd1 a4 $5 17. Nd4 Nc5) 10. Qxd2 Ng6 11. Bg3 h5 $6 {Overly ambitious. Much
better was:} (11... O-O 12. O-O Re8 13. b4 b6 14. b5 Na5 15. Nd4 Ne5 16. Qc2 a6
{With good play on the Q-side.}) 12. h4 Bg4 13. Qc3 $1 {I had intended
castling Q-side, but now I would have to play one of the knights to e5 and
White has the initiative.} O-O 14. Nd4 Bxe2 $2 {This was a bad move...} (14...
Nce5 $5 15. f4 Bxe2 16. fxe5 Bg4 17. exd6 cxd6 {is even.}) 15. Nxe2 $6 (15. Nf5
$1 Qf6 16. Qxf6 gxf6 17. Kxe2 {gives White winning endgame chances.}) 15...
Rfe8 16. Nf4 Nxf4 17. Bxf4 Qe4 {Threatening ...QxB and putting pressure on the
c-pawn. Note that the g-pawn can not be taken.} 18. O-O-O $1 Ne5 19. f3 Qc6 (
19... Qxc4 $4 {drops a piece to} 20. Bxe5) 20. e4 $2 Nxc4 21. Rd5 Nxa3 $1 22.
Qxc6 bxc6 23. Rxh5 Nc4 {Now I am looking for ways to trap the rook on h5} 24.
b3 Ne5 25. Bxe5 dxe5 26. Rd1 f6 27. Rd7 Rab8 ({I looked at:} 27... Rf8 28. Rxc7
Rf7 29. Rxc6 $4 g6 {winning the rook. But White has a better line with 29.
Rh8+!}) 28. Rxc7 Rxb3 29. Rxa7 (29. Rxc6 $4 g6) 29... Rbb8 30. Rf5 Ra8 31. Rc7
Ra2 32. h5 Rxg2 33. h6 Ra8 34. Kb1 gxh6 35. Rxf6 Rf8 36. Rxh6 Rxf3 37. Rhxc6
Re3 38. Rc8+ Kh7 39. R6c7+ Rg7 40. Rc1 Rb7+ (40... Rd7 {Other trys draw also}
41. Rh1+ Kg7 42. Rch8 Rd1+ 43. Rxd1 Kxh8 44. Kc2 Kg7 45. Kd2 Rxe4 46. Rf1 Kg6
47. Kd3 Rd4+ 48. Ke3 Kg5 49. Rf8) 41. Kc2 Rxe4 42. Kd3 Rd4+ 43. Ke3 Rb3+ 44.
R8c3 Rxc3+ 45. Rxc3 Kg6 46. Rc8 Kf6 47. Re8 Ra4 48. Rh8 {and it was obvious
Black could not win, so a draw was agreed.} 1/2-1/2

[Event "Michigan Class A"]
[Site "Auburn Hills, MI"]
[Date "2002.04.28"]
[Round "4.2"]
[White "Randall, Paul"]
[Black "Skidmore, Jennifer"]
[Result "1-0"]
[WhiteElo "1984"]
[BlackElo "1832"]
[PlyCount "71"]
[EventDate "2002.04.26"]

1. d4 d5 2. c4 e6 3. Nc3 c6 4. e3 Nf6 5. Nf3 Be7 6. Qc2 Nbd7 7. Be2 O-O 8. O-O
Ne8 9. e4 dxe4 10. Qxe4 Ndf6 11. Qh4 Nd6 12. Bd3 Nfe4 13. Qh5 g6 14. Qh6 Nf5
15. Qh3 Ned6 16. c5 Ne8 17. Bxf5 exf5 18. Qh6 f6 19. h4 Rf7 20. Re1 Ng7 21. Bd2
Ne6 22. Qe3 Bd7 23. Qe2 Qf8 24. Qc4 Kh8 25. Rxe6 Bxe6 26. Qxe6 Rd8 27. Bh6 Qg8
28. Re1 Re8 29. b4 a6 30. d5 cxd5 31. Nxd5 g5 32. hxg5 Qg6 33. Nh4 Qh5 34. Nf4
Qxh4 35. Qxf7 Rd8 36. Bg7# 1-0

[Event "Michigan Class D/E"]
[Site "Auburn Hills, MI"]
[Date "2002.04.28"]
[Round "4.7"]
[White "Poniatowski, Don"]
[Black "Clark, Richard"]
[Result "0-1"]
[WhiteElo "1272"]
[BlackElo "1228"]
[PlyCount "90"]
[EventDate "2002.04.26"]

1. e4 g6 2. d4 Bg7 3. Nc3 d6 4. Nf3 a6 5. Be2 Nd7 6. Be3 b6 7. Qd2 Bb7 8. O-O
e6 9. Rad1 Ne7 10. Bh6 O-O 11. Bxg7 Kxg7 12. Rfe1 h6 13. h4 Rh8 14. d5 e5 15.
Nh2 Bc8 16. Bg4 Nf6 17. Bxc8 Qxc8 18. Qe2 h5 19. Rd3 Neg8 20. Rg3 Nh6 21. f3
Qd7 22. Nd1 b5 23. Ne3 Rag8 24. Nhf1 Kf8 25. Nd2 Rh7 26. Rf1 Rhg7 27. Kf2 g5
28. Rxg5 Rxg5 29. hxg5 Rxg5 30. Rh1 Kg7 31. Ke1 Kg6 32. Qf2 Qc8 33. Kf1 Qd7 34.
b4 Qc8 35. a3 c5 36. c3 $4 cxb4 37. cxb4 Qc1+ 38. Qe1 Qxa3 39. f4 exf4 40. Nf3
Rg3 41. Nh4+ Kg5 42. Nf3+ Kg6 43. Nh4+ Kh7 44. Nhf5 Nxf5 45. Nxf5 Rc3 0-1

[Event "Michigan Masters/Experts"]
[Site "Auburn Hills, MI"]
[Date "2002.04.28"]
[Round "5.3"]
[White "O'Donnell, Robert"]
[Black "Mazuchowski, Tom"]
[Result "1-0"]
[WhiteElo "2176"]
[BlackElo "2029"]
[PlyCount "115"]
[EventDate "2002.04.26"]

1. d4 Nf6 2. c4 g6 3. Nc3 Bg7 4. e4 d6 5. Nf3 O-O 6. Be2 Bg4 7. Be3 Nfd7 8. Ng1
Bxe2 9. Ngxe2 c5 10. d5 Na6 11. Qd2 Nc7 12. Bh6 a6 13. h4 f6 14. Bxg7 Kxg7 15.
Nf4 Rh8 16. Qe2 Nf8 17. h5 Qe8 18. h6+ Kf7 19. O-O Qd7 20. a3 e5 21. dxe6+
Nfxe6 22. Nfd5 Nxd5 23. Nxd5 Nd4 24. Qd3 Qg4 25. Rae1 Rae8 26. f4 Qh5 27. e5 f5
28. Nf6 Qxh6 29. Nxe8 Rxe8 30. exd6 Rxe1 31. Rxe1 Qxf4 32. b4 b6 33. bxc5 bxc5
34. Qe3 Qxd6 35. Rb1 f4 36. Qe4 Ne6 37. Qd5 Qxd5 38. cxd5 Ng5 39. Rb6 a5 40.
Rb5 Ne4 41. Rxa5 Kf6 42. Ra4 Nd6 43. Rxf4+ Ke5 44. Rh4 h5 45. Kf2 Kxd5 46. Ke2
c4 47. Kd2 Nf5 48. Rf4 Nd6 49. Rf8 Kd4 50. Rd8 Kc5 51. Rg8 Nb5 52. a4 Nd4 53.
Rxg6 Kb4 54. Rb6+ Kc5 55. Rb8 Ne6 56. a5 Nd4 57. a6 Nc6 58. Rb7 1-0

[Event "Michigan Class D/E"]
[Site "Auburn Hills, MI"]
[Date "2002.04.28"]
[Round "4.2"]
[White "Norwood, Wayne"]
[Black "Cendrowski, Chris"]
[Result "1/2-1/2"]
[WhiteElo "1173"]
[BlackElo "1329"]
[PlyCount "106"]
[EventDate "2002.04.26"]

1. e4 c6 2. d4 d5 3. e5 Bf5 4. Nf3 e6 5. Nc3 c5 6. Bf4 Nc6 7. Bb5 Qb6 8. O-O a6
9. Bxc6+ bxc6 10. Bc1 Bg4 11. Na4 Qa5 12. Nxc5 Bxc5 13. dxc5 Qxc5 14. Qd4 Qb5
15. Nd2 c5 16. Qc3 Bf5 17. Nb3 Rc8 18. Nd4 Qb6 19. Nxf5 exf5 20. Be3 d4 21.
Bxd4 Ne7 22. Be3 O-O 23. Rfd1 Rc7 24. Rd6 Qb5 25. Bg5 Nc6 26. Qg3 Nd4 27. Qd3
Re8 28. Qxb5 axb5 29. c3 Nc6 30. f4 h6 31. Bh4 Re6 32. Rxe6 fxe6 33. Rd1 Kf7
34. h3 Nb8 35. g4 g6 36. gxf5 gxf5 37. Bf6 Rd7 38. Rxd7+ Nxd7 39. Bh4 Nf8 40.
Bf2 c4 41. Bc5 Ng6 42. Be3 Ke7 43. Kf2 Kd7 44. Bc1 Kc6 45. Ke3 Kd5 46. b3 cxb3
47. axb3 Ne7 48. Kd3 Ng6 49. c4+ bxc4+ 50. bxc4+ Kc5 51. Be3+ Kc6 52. Kd4 h5
53. c5 Ne7 1/2-1/2

[Event "Michigan Class A"]
[Site "Auburn Hills, MI"]
[Date "2002.04.28"]
[Round "5.3"]
[White "Nikolovski, Oliver"]
[Black "Aldrich, Jeff"]
[Result "1/2-1/2"]
[WhiteElo "1881"]
[BlackElo "1908"]
[PlyCount "64"]
[EventDate "2002.04.26"]

1. d4 d5 2. f4 Nf6 3. Nf3 Bg4 4. e3 e6 5. Be2 Bxf3 6. Bxf3 Ne4 7. O-O Be7 8. c4
O-O 9. Nc3 f5 10. Qb3 c6 11. Qxb7 Qd7 12. Qxd7 Nxd7 13. Nxe4 dxe4 14. Be2 c5
15. Bd2 Rab8 16. Bc3 Nf6 17. Rfd1 Rfd8 18. h3 Kf7 19. a3 h6 20. b4 cxb4 21.
axb4 Bxb4 22. Rxa7+ Kf8 23. Bxb4+ Rxb4 24. Rda1 Rb2 25. Ra8 Rxa8 26. Rxa8+ Ke7
27. Kf1 Rb3 28. Ra7+ Kf8 29. Kf2 g5 30. g3 Rb2 31. Kf1 Rb1+ 32. Kf2 Rb2 1/2-1/2

[Event "Michigan Class C"]
[Site "Auburn Hills, MI"]
[Date "2002.04.28"]
[Round "4.9"]
[White "Mose, Greg"]
[Black "Biache, August"]
[Result "1-0"]
[WhiteElo "1504"]
[BlackElo "1455"]
[PlyCount "109"]
[EventDate "2002.04.26"]

1. e4 e5 2. Nf3 Nc6 3. Bb5 a6 4. Ba4 Nf6 5. O-O Be7 6. Re1 b5 7. Bb3 O-O 8. c3
d6 9. d4 Bg4 10. d5 Na5 11. Bc2 c5 12. Nbd2 Rc8 13. b3 c4 14. b4 Nb7 15. a4 Ra8
16. Bb2 Qd7 17. Qe2 Rfc8 18. Ra2 Qe8 19. Rea1 Nd7 20. h3 Bh5 21. g4 Bg6 22. Nf1
h5 23. gxh5 Bxh5 24. Ng3 f6 25. Kh2 Nf8 26. Nxh5 Qxh5 27. axb5 Ng6 28. Ng1 Qh7
29. Bc1 a5 30. bxa5 Bd8 31. a6 Nc5 32. Qxc4 Bb6 33. Qb4 Qh4 34. Be3 Nd3 35.
Bxd3 Bxe3 36. fxe3 Qg5 37. Re1 Kf7 38. Rg2 Qh6 39. Nf3 Rh8 40. Rg3 Nf4 41. Bf1
g5 42. exf4 exf4 43. Qxd6 fxg3+ 44. Qxg3 Rag8 45. Qg4 Qg6 46. Qd7+ Kf8 47. a7
Qf7 48. a8=Q+ Kg7 49. Qxf7+ Kxf7 50. Qb7+ Kg6 51. e5 g4 52. Bd3+ Kh5 53. Qf7+
Kh6 54. Qxf6+ Kh5 55. Qh4# 1-0